000 00722nam a22001817a 4500
005 20241217172357.0
010 _aHIN-128934
020 _a9789390594078
_c399.00
035 _aHN-101280
037 _bDBAD
082 _a
100 _aचतुरसेन
_975297
245 _aसोमनाथ/
_cचतुरसेन
260 _aनई दिल्ली
_bएमटी कैनवास प्रकाशन
_c2021
270 _a4435-36/7, प्रथम तल, अंसारी रोड, दरियागंज
_bनई दिल्ली
_e110002
_mcontact@emptycanvaspublishers.com
300 _a381 पृ.
_c21सेमी (अजिल्द)
942 _cHN
_2ddc
_h
_mचतुर
999 _c207759
_d207759